| 000 | 00978cam a2200289Ia 4500 | ||
|---|---|---|---|
| 999 |
_c2960 _d2960 |
||
| 001 | 11806062 | ||
| 003 | OSt | ||
| 005 | 20181019161857.0 | ||
| 008 | 850314t19841958nyu d 000 0 eng d | ||
| 020 | _a0025225308 | ||
| 020 | _a0025225405 | ||
| 035 | _a.b13392487 | ||
| 040 |
_aAMH _cAMH |
||
| 082 |
_aREF 453.2 _bR292C |
||
| 090 |
_aPC1640 _b.C33 1984 |
||
| 096 | _aPC 1640 C344 1984 | ||
| 245 | 0 | 0 |
_aCassell's Italian dictionary : _bItalian-English, English-Italian / _ccompiled by Piero Rebora with the assistance of Francis M. Guercio and Arthur L. Hayward |
| 260 |
_aNew York : _bMacmillan, _c1984, c1958 |
||
| 300 |
_axxi, 1,128 p. ; _c24 cm |
||
| 650 | 0 |
_aItalian language _vDictionaries _xEnglish |
|
| 650 | 0 |
_aEnglish language _vDictionaries _xItalian |
|
| 650 | 2 |
_aDictionaries as Topic _xItalian |
|
| 700 | 1 |
_aRèbora, Piero, _d1889-1963 |
|
| 700 | 1 |
_aGuercio, Francis M. _q(Francis Michael) |
|
| 700 | 1 |
_aHayward, Arthur Lawrence, _d1885-1967 |
|
| 942 |
_2ddc _cREF |
||